| 000 | 00802nam a22002057a 4500 | ||
|---|---|---|---|
| 999 |
_c59414 _d59414 |
||
| 003 | Ge_BSU | ||
| 005 | 20230221101405.0 | ||
| 008 | 230213s2004 ge ||||| |||| 00| 0 geo d | ||
| 020 | _a9994080407 | ||
| 041 | _ageo | ||
| 080 | _a325.1 გ-14 | ||
| 245 |
_aგადაადგილების თავისუფლება. _cგამომცემელი ქეთევან ხუციშვილი. |
||
| 264 |
_aთბილისი, _c2004. |
||
| 300 |
_a256 გვ. ; _b21 სმ. |
||
| 440 |
_aახალგაზრდა იურისტის ბიბლიოთეკა _916985 |
||
| 490 | _v7 | ||
| 653 | _aსამართალი | ||
| 700 |
_aხუციშვილი, ქეთევან _eგამომცემელი _95752 |
||
| 942 |
_2udc _cBK |
||